| 000 | 00528nam a22001817a 4500 | ||
|---|---|---|---|
| 005 | 20251108174926.0 | ||
| 008 | 250721s2009 xx 000 0 ara d | ||
| 082 | 1 | 4 | _aق/روي |
| 100 | 1 | _aروي، آرونداتي | |
| 245 | 1 | 0 | _aإلة الأشياء الصغيرة / |
| 264 | 1 |
_aدمشق : _bدار نينوى للنشر، _c2009. |
|
| 300 | _a400ص. | ||
| 650 | 1 | 7 | _aالادب المترجم |
| 650 | 1 | 7 | _aالروايات |
| 700 | 1 |
_aالبربري، طاهر _eمترجم |
|
| 942 |
_2ddc _cBK |
||
| 999 |
_c121692 _d121692 |
||